La disciplina en la escuela

Uloženo v:
Podrobná bibliografie
Hlavní autor: Gotzens, Concepción (Autor)
Médium: Kniha
Jazyk:španělština
Vydáno: Madrid Pirámide 1986
Edice:Colección Psicología
Témata:
Tagy: Přidat tag
Žádné tagy, Buďte první, kdo vytvoří štítek k tomuto záznamu!

MARC

LEADER 00000nam a2200000 a 4500
001 UCW7303
003 CL-VaPUC
008 921022e19860000SP |||||||||||||||||spa|d
082 0 4 |a 371.5  |b GOT  |2 21 
100 |a Gotzens, Concepción  |e author  |9 424435 
245 1 3 |a La disciplina en la escuela 
300 |a 166 p 
942 |c BK 
945 |d 19921022 00:00:00 
260 |a Madrid  |b Pirámide  |c 1986 
650 0 |a Disciplina escolar  |9 271077 
650 7 |a PREMIO Y CASTIGOS EN EDUCACION  |2 CL-VaPUC  |9 312458 
583 |a last modification  |c 19921022 00:00:00  |k Rodrigo Vera 
490 0 |a Colección Psicología 
999 |c 220106  |d 220104 
952 |0 0  |1 0  |4 0  |6 371_500000000000000_GOT_1986  |7 0  |8 P  |9 211898  |a BIBEDU  |b BIBEDU  |c BIBEDU_PB  |d 2019-11-15  |i 2801299  |o 371.5 GOT 1986  |p 2801299  |r 2024-01-25  |w 2019-11-15  |y BK  |k EDU